000 00546nam a22001697a 4500
005 20240801143921.0
008 240801b |||||||| |||| 00| 0 eng d
050 _aTA 684.P543 1971
100 _aAMERICAN SOCIETY OF CIVIL ENGINEERS
245 _aPLASTIC DESIGN IN STEEL
_bA GUIDE AND COMMENTARY
250 _a2
260 _aNEW YORK
_bASCE
_c1971
300 _aX,331
500 _aINCLUDES APPENDIX,AUTHOR INDEX AND SUBJECT INDEX
650 _aBuilding, Iron and steel. Plastic analysis (Engineering) Steel, Structural.
942 _2lcc
_cBK
999 _c211143
_d211143